MARC details
| 000 -МАРКЕР |
| контрольное поле |
02392nam0a2200445 4500 |
| 001 - ИДЕНТИФИКАТОР ЗАПИСИ |
| контрольное поле |
RU\NLR\bibl\1980 |
| 005 - ИДЕНТИФИКАТОР ВЕРСИИ |
| контрольное поле |
20260406121544.0 |
| 010 ## - МЕЖДУНАРОДНЫЙ СТАНДАРТНЫЙ НОМЕР КНИГИ (ISBN) |
| Номер (ISBN) |
5-7390-0346-6 |
| Уточнения |
общ. |
| 010 ## - МЕЖДУНАРОДНЫЙ СТАНДАРТНЫЙ НОМЕР КНИГИ (ISBN) |
| Номер (ISBN) |
5-7390-0315-6 |
| Уточнения |
"Олимп" |
| 010 ## - МЕЖДУНАРОДНЫЙ СТАНДАРТНЫЙ НОМЕР КНИГИ (ISBN) |
| Номер (ISBN) |
5-88196-625-2 |
| Уточнения |
ТКО АСТ |
| Тираж |
11000 |
| 021 ## - НОМЕР ГОСУДАРСТВЕННОЙ РЕГИСТРАЦИИ |
| Код страны |
Российская Федерация |
| Номер |
97-34452 |
| Номер Листа государственной регистраци |
1455 |
| 035 ## - ДРУГИЕ СИСТЕМНЫЕ НОМЕРА |
| Идентификатор записи |
(NLR Aleph) 000001880 |
| 100 ## - ДАННЫЕ ОБЩЕЙ ОБРАБОТКИ |
| Данные общей обработки |
19980619d1997 |||y0rusy50 ca |
| 101 0# - ЯЗЫК РЕСУРСА |
| Язык текста, звукозаписи и т.д. |
русский |
| 102 ## - СТРАНА ПУБЛИКАЦИИ ИЛИ ПРОИЗВОДСТВА |
| Страна публикации |
Российская Федерация |
| 105 ## - ПОЛЕ КОДИРОВАННЫХ ДАННЫХ: ТЕКСТОВЫЕ МАТЕРИАЛЫ, МОНОГРАФИЧЕСКИЕ |
| Кодированные данные о монографическом текстовом документе |
y z 00|ay |
| 200 1# - ЗАГЛАВИЕ И СВЕДЕНИЯ ОБ ОТВЕТСТВЕННОСТИ |
| Основное заглавие |
Уездное |
| -- |
Мы |
| Сведения, относящиеся к заглавию |
[Романы] |
| Первые сведения об ответственности |
Е. Замятин |
| 210 ## - ПУБЛИКАЦИЯ, РАСПРОСТРАНЕНИЕ И ДР. |
| Место издания, распространения и т.д. |
М. |
| Имя издателя, распространителя и т. д. |
АСТ |
| -- |
Олимп |
| Дата издания, распространения и т.д. |
1997 |
| 215 ## - ФИЗИЧЕСКАЯ ХАРАКТЕРИСТИКА |
| Специфическое обозначение материала и объем |
607 с. |
| Размеры |
20 |
| 225 1# - СЕРИЯ |
| Основное заглавие серии |
Шк. классики |
| Сведения, относящиеся к заглавию |
ШК |
| -- |
Кн. для ученика и учителя |
| 320 ## - ПРИМЕЧАНИЯ О НАЛИЧИИ В ДОКУМЕНТЕ БИБЛИОГРАФИИ / УКАЗАТЕЛЯ |
| Текст примечания |
Библиогр. : с. 605-606 |
| 327 1# - ПРИМЕЧАНИЯ О СОДЕРЖАНИИ |
| Текст примечания |
В кн. также : Критика и коммент. Темы и развернутые планы соч. Материалы для подгот. к уроку |
| 423 #0 - ИЗДАЕТСЯ В ОДНОЙ ОБЛОЖКЕ ВМЕСТЕ С ... |
| Встроенное поле |
2001#$aКотлован$aЮвенильное море$e[Романы]$fА. Платонов$g[К сб. в целом: предисл., коммент. Н.Б. Ивановой ] |
| -- |
210##$aМ.$d1997 |
| -- |
215##$aс.237 - 448 |
| -- |
700#1$aПлатонов$bА.П.$f1899-1951$gАндрей Платонович$3RU\NLR\auth\771346$4070 |
| Заглавие |
Ювенильное море |
| Автор |
Платонов, Андрей Платонович (1899-1951) |
| 461 #0 - УРОВЕНЬ НАБОРА |
| Встроенное поле |
2001#$aШкола классики$eКнига для ученика и учителя |
| Заглавие |
Школа классики |
| 600 #1 - ИМЯ ЛИЦА КАК ПРЕДМЕТ |
| Начальный элемент ввода |
Замятин |
| Часть имени, кроме начального элемента ввода |
Е.И. |
| Даты |
1884 - 1937 |
| Расширение инициалов личного имени |
Евгений Иванович |
| Тематический подзаголовок |
Изучение в школе |
| Системный номер авторитетной/нормативной записи |
2074811 |
| Идентификатор авторитетной/нормативной записи |
RU\NLR\auth\661249827 |
| 600 #1 - ИМЯ ЛИЦА КАК ПРЕДМЕТ |
| Начальный элемент ввода |
Платонов |
| Часть имени, кроме начального элемента ввода |
А.П. |
| Даты |
1899 - 1951 |
| Расширение инициалов личного имени |
Андрей Платонович |
| Тематический подзаголовок |
Изучение в школе |
| Системный номер авторитетной/нормативной записи |
2074812 |
| Идентификатор авторитетной/нормативной записи |
RU\NLR\auth\661249828 |
| 686 ## - ИНДЕКСЫ ДРУГИХ КЛАССИФИКАЦИЙ |
| Индекс |
Ч426.21,6(2)317.8Замятин |
| 686 ## - ИНДЕКСЫ ДРУГИХ КЛАССИФИКАЦИЙ |
| Индекс |
Ч426.21,6(2)317.8Платонов |
| 686 ## - ИНДЕКСЫ ДРУГИХ КЛАССИФИКАЦИЙ |
| Индекс |
Ш9(2)62=Р7-4Замятин |
| Код системы |
|
| 686 ## - ИНДЕКСЫ ДРУГИХ КЛАССИФИКАЦИЙ |
| Индекс |
Ш9(2)62=Р7-4Платонов |
| Код системы |
|
| 700 #1 - ИМЯ ЛИЦА - ПЕРВИЧНАЯ ОТВЕТСТВЕННОСТЬ |
| Код отношения |
Автор |
| Материалы, к которым относится поле |
rus |
| Графика поля |
Кириллица |
| Начальный элемент ввода |
Замятин |
| Часть имени, кроме начального элемента ввода |
Е.И. |
| Даты |
1884-1937 |
| Расширение инициалов личного имени |
Евгений Иванович |
| Идентификатор авторитетной/нормативной записи |
RU\NLR\auth\77571 |
| Системный номер авторитетной/нормативной записи |
110617 |
| 801 #0 - ИСТОЧНИК ЗАПИСИ |
| Страна |
Российская Федерация |
| Организация |
NLR |
| Дата составления |
19980619 |
| Правила каталогизации |
PSBO |
| 801 #1 - ИСТОЧНИК ЗАПИСИ |
| Страна |
Российская Федерация |
| Организация |
NLR |
| Дата составления |
19980619 |
| 830 ## - ОБЩЕЕ ПРИМЕЧАНИЕ, СОСТАВЛЕННОЕ КАТАЛОГИЗАТОРОМ |
| Текст примечания |
Авт. раскрыты по кн. |
| 852 ## - МЕСТОНАХОЖДЕНИЕ И ШИФР ХРАНЕНИЯ |
| Идентификатор организации |
NLR |
| Шифр хранения (Call Number) |
97-3/11307 |
| 942 ## - ДОПОЛНИТЕЛЬНЫЕ ЭЛЕМЕНТЫ ЗАПИСИ (АБИС) |
| Тип экземпляра АБИС |
Книга |
| 980 ## - КОЛЛЕКЦИЯ |
| Название коллекции |
Национальная библиография |